BIBLIOTECA PODER JUDICIAL
Portal Judicial TDF

Análisis del art. 12 de la Ley de Riesgos del Trabajo. Un recorrido crítico de su evolución y aplicación / (Registro nro. 6048)

000 -LEADER
fixed length control field 01301nab a22002537a 4500
003 - CONTROL NUMBER IDENTIFIER
control field OSt
005 - DATE AND TIME OF LATEST TRANSACTION
control field 20260118221739.0
008 - FIXED-LENGTH DATA ELEMENTS--GENERAL INFORMATION
fixed length control field 190605e xxu||||| |||| 00| 0 spa d
040 ## - CATALOGING SOURCE
Transcribing agency PJ
100 ## - MAIN ENTRY--PERSONAL NAME
9 (RLIN) 6836
Personal name Rosato, Antonella Alejandra
245 10 - TITLE STATEMENT
Title Análisis del art. 12 de la Ley de Riesgos del Trabajo. Un recorrido crítico de su evolución y aplicación /
Statement of responsibility, etc Antonella Alejandra Rosato.
260 ## - PUBLICATION, DISTRIBUTION, ETC. (IMPRINT)
Place of publication, distribution, etc Ciudad Autónoma de Buenos Aires :
Name of publisher, distributor, etc Thomson Reuters La Ley,
Date of publication, distribution, etc 2025.
300 ## - PHYSICAL DESCRIPTION
Extent p. 224-234
500 ## - GENERAL NOTE
General note Cita: TR LALEY AR/DOC/1541/2025.<br/><br/>
505 ## - FORMATTED CONTENTS NOTE
Formatted contents note Sumario: I. Introducción.— II. Antecedentes normativos.— III. El principio protectorio. Deudas de dinero o deudas de valor.— IV. Dec. 669/2019 y el intento de remediar el pasado.— V. Cálculo del IBM.— VI. Conclusión.
505 ## - FORMATTED CONTENTS NOTE
Title ¿Te interesa el texto completo? Solicitalo al correo: koha@justierradelfuego.gov.ar
650 #0 - SUBJECT ADDED ENTRY--TOPICAL TERM
9 (RLIN) 1316
Topical term or geographic name as entry element DERECHO LABORAL
650 #0 - SUBJECT ADDED ENTRY--TOPICAL TERM
9 (RLIN) 1482
Topical term or geographic name as entry element LEY SOBRE RIESGOS DEL TRABAJO
650 #0 - SUBJECT ADDED ENTRY--TOPICAL TERM
9 (RLIN) 1406
Topical term or geographic name as entry element INCAPACIDAD LABORAL
650 #0 - SUBJECT ADDED ENTRY--TOPICAL TERM
Topical term or geographic name as entry element ASEGURADOR POR RIESGOS DEL TRABAJO
9 (RLIN) 5144
650 #0 - SUBJECT ADDED ENTRY--TOPICAL TERM
Topical term or geographic name as entry element ACCIDENTES DE TRABAJO
9 (RLIN) 1417
773 0# - HOST ITEM ENTRY
Host Biblionumber 2711
Host Itemnumber 3168
Place, publisher, and date of publication Ciudad Autónoma de Buenos Aires : Thomson Reuters La Ley, 1999-2002.
Title Revista de derecho del trabajo. Nº 6 - Noviembre 2025
942 ## - ADDED ENTRY ELEMENTS (KOHA)
Source of classification or shelving scheme
Koha item type Analítica Artículo de Revista

No hay ítems disponibles.

12 de Octubre 789 Ushuaia - Tel:  54(02901)441571
Horario de Atención: 8.00 a 17.00 hs. 
bibliotecaush@justierradelfuego.gov.ar
koha@justierradelfuego.gov.ar
Seguinos en nuestras redes @bibliojustdf 

Con tecnología Koha